The Housing Act 2004 (Record no. 104096)

MARC details
000 -LEADER
fixed length control field 01588cam a2200301 4500
001 - CONTROL NUMBER
control field L129067
008 - FIXED-LENGTH DATA ELEMENTS--GENERAL INFORMATION
fixed length control field 050315n2005 000 0 eng u
020 ## - INTERNATIONAL STANDARD BOOK NUMBER
International Standard Book Number 0853089523
035 ## - SYSTEM CONTROL NUMBER
System control number (Sirsi) u129067
041 ## - LANGUAGE CODE
Language code of text/sound track or separate title eng
050 ## - LIBRARY OF CONGRESS CALL NUMBER
Classification number 306.026
-- 18
100 ## - MAIN ENTRY--PERSONAL NAME
Personal name Carr, Helen
245 #4 - TITLE STATEMENT
Title The Housing Act 2004
Remainder of title a practical guide
260 ## - PUBLICATION, DISTRIBUTION, ETC.
Place of publication, distribution, etc. Bristol
Name of publisher, distributor, etc. Jordans
Date of publication, distribution, etc. 2005
300 ## - PHYSICAL DESCRIPTION
Extent xxxii, 554p.
Dimensions 25cm.
350 ## - PRICE (NR) (BK AM CF MU VM SE) [OBSOLETE]
Price 35
490 ## - SERIES STATEMENT
Series statement Jordans New Law Series
520 ## - SUMMARY, ETC.
Summary, etc. Provides an accessible analysis of the Housing Act 2004 and its implications for practice. The Act makes significant changes to the regulation of residential property in both the private and public sector and will bring about fundamental change in the conveyancing process. Covers housing conditions, licensing of houses in multiple occupation, selective licensing, additional control provisions in relation to residential accommodation, home information packs, right to buy and other changes to social housing, mobile homes, gypsies and travellers, tenancy deposits and miscellaneous provisions such as residential property tribunals. Reproduces the full text of the Act and selected extracts from the "Housing health and safety rating system guidance (version 2)".
590 ## - LOCAL NOTE (RLIN)
Local note IKA290405
650 ## - SUBJECT ADDED ENTRY--TOPICAL TERM
Topical term or geographic name entry element HOUSING ACT 2004
650 ## - SUBJECT ADDED ENTRY--TOPICAL TERM
Topical term or geographic name entry element HOME INFORMATION PACKS
650 ## - SUBJECT ADDED ENTRY--TOPICAL TERM
Topical term or geographic name entry element HOUSING HEALTH AND SAFETY RATING SYSTEM
690 ## - LOCAL SUBJECT ADDED ENTRY--TOPICAL TERM (OCLC, RLIN)
Topical term or geographic name as entry element PROPERTY-RESIDENTIAL PROPERTY-DOMESTIC RESIDENTIAL PROPERTY-HOUSING
700 ## - ADDED ENTRY--PERSONAL NAME
Personal name Cottle, Stephen
700 ## - ADDED ENTRY--PERSONAL NAME
Personal name Baldwin, Timothy
700 ## - ADDED ENTRY--PERSONAL NAME
Personal name King, Michael
942 ## - ADDED ENTRY ELEMENTS (KOHA)
Suppress in OPAC 0
Holdings
Withdrawn status Lost status Source of classification or shelving scheme Damaged status Not for loan Home library Current library Shelving location Date acquired Cost, normal purchase price Total Checkouts Full call number Barcode Date last seen Date last checked out Copy number Cost, replacement price Price effective from Koha item type
    Dewey Decimal Classification     London London Books 25/04/2005 29.75 17 306.026 CAR 30069882 06/08/2019 16/02/2009 1 29.75 06/08/2019 Book